Datum a čas kvízu
28.5
Celkem bodů
Celkový počet nahraných bodů na tomto kvízu bez doplňovacích otázek.
7.
Pořadí na kvízu
Konečné umístění týmu na tomto kvízu.
Zaznamenané odpovědi
| # | Otázka | Odpověď | Body | Výsledky |
|---|---|---|---|---|
| 1. | Jeden z českých vrcholných pol... | Ivan Bartoš | 1 | |
| 2. | Bývalý španělský král, který č... | Juan Carlos I. | 1 | |
| 3. | Německá televize ARD začne od... | Pan Tau | 0 | |
| 4. | Společnost Škoda Auto má novéh... | Jihoafrická republika | 1 | |
| 5. | Za fotbalovou Spartu budou nas... | Ladislav Krejčí | 0 | |
| 6. | Historie kulečníkových her sah... | slonovina | 1 | |
| 7. | Kulečník, nebo také biliár (z... | snooker | 0 | |
| 8. | Osmička (Eight-ball) se hraje... | A | 1 | |
| 9. | Nyní vám pustíme ukázku ze ser... | karambol | 0 | |
| 10. | The Hustler, česky Hazardní hr... | Barva peněz | 0 |